MARC details
| 000 -LEADER |
| fixed length control field |
01102nam a22001817a 4500 |
| 003 - CONTROL NUMBER IDENTIFIER |
| control field |
BDDh-ASL |
| 005 - DATE AND TIME OF LATEST TRANSACTION |
| control field |
20231015031253.0 |
| 008 - FIXED-LENGTH DATA ELEMENTS--GENERAL INFORMATION |
| fixed length control field |
230327s1983 b ||||| |||| 00| 0 eng d |
| 040 ## - CATALOGING SOURCE |
| Original cataloging agency |
BDDh-ASL |
| Transcribing agency |
BDDh-ASL |
| 041 ## - LANGUAGE CODE |
| Language code of text/sound track or separate title |
eng |
| 082 ## - DEWEY DECIMAL CLASSIFICATION NUMBER |
| Classification number |
370 |
| Item number |
QAL |
| 100 1# - MAIN ENTRY--PERSONAL NAME |
| Personal name |
Qadir, S. A. |
| 9 (RLIN) |
3302 |
| 245 10 - TITLE STATEMENT |
| Title |
Literacy in Bangladesh Villages : |
| Remainder of title |
Implications for development and microplanning / |
| 260 ## - PUBLICATION, DISTRIBUTION, ETC. |
| Place of publication, distribution, etc. |
Dhaka : |
| Name of publisher, distributor, etc. |
National Foundation for Research on Human Resource Development, |
| Date of publication, distribution, etc. |
1983. |
| 300 ## - PHYSICAL DESCRIPTION |
| Extent |
120 p. : |
| Dimensions |
28 cm. |
| 650 #0 - SUBJECT ADDED ENTRY--TOPICAL TERM |
| Topical term or geographic name entry element |
শিক্ষা, Education, Education system, শিক্ষা ব্যবস্থা, Śikṣā byabasthā, Higher Education, উচ্চ শিক্ষা, Ucca śikṣā, উন্নত শিক্ষা, Unnata śikṣā, Advanced education, প্রাথমিক শিক্ষা, Prāthamika śikṣā, Primary education, উচ্চ মাধ্যমিক শিক্ষা, Ucca mādhyamika śikṣā, Higher secondary education, মাধ্যমিক শিক্ষা, Mādhyamika śikṣā, Secondary Education |
| 9 (RLIN) |
5904 |
| 942 ## - ADDED ENTRY ELEMENTS (KOHA) |
| Source of classification or shelving scheme |
Dewey Decimal Classification |
| Koha item type |
Books |